00993cam a22002771a 4500001001300000003000400013005001700017008004100034010001700075035002000092040005800112042001200170043001200182050002200194082001100216100002800227245008500255260005800340300005000398490002300448500006000471504003000531650005100561710003900612830006400651gs 54000048 DLC20260227111401.0850614s1953 bccab b s000 0 eng c ags 54000048  a(OCoLC)12158825 aU.S. Geol. Survey. Lib.cWaChenEdWaChenEdOCoLCdDLC apremarc an-cn-bc00aTN27b.B72 no. 33 a557.111 aNewmarch, Charles Bell.10aGeology of the Crowsnest coal basin,bwith special reference to the Fernie area. aVictoria,bD. McDiarmid, Printer to the Queen,c1953. aiv, 107 p.billus., maps (part fold.)c27 cm.1 aBulletin ;vno. 33 aAt head of title: British Columbia Department of Mines. aBibliography: p. 101-107. 0aGeologyzBritish ColumbiazKootenay (District)1 aBritish Columbia.dDept. of Mines. 0aBulletin (British Columbia. Department of Mines) ;vno. 33.